| 000 | 01024nam a22002651u 4500 | ||
|---|---|---|---|
| 001 | 12518 | ||
| 003 | HDC | ||
| 007 | cr bn --- | ||
| 008 | 210209p2004 my eng | ||
| 040 | _aHDC | ||
| 100 |
_aAzlina Mohd. Danial, _eauthor _913146 |
||
| 245 | 0 |
_aImprovement of the specific activity of the extracted mycelium-bound lipase of Aspergillus flavus / _cby Azlina Mohd. Danial, Kamariah Long and Hasanah Mohd. Ghazali |
|
| 260 |
_aSerdang : _bMalaysian Agricultural Research and Development Institute (MARDI), _c2004 |
||
| 300 | _a1 page | ||
| 336 |
_atext _2rdacontent |
||
| 337 |
_acomputer _2rdamedia |
||
| 338 |
_aonline resource _2rdacarrier |
||
| 650 |
_aExtracted lipase _913149 |
||
| 650 |
_aMycelium-bound lipase _913147 |
||
| 650 |
_aSpecific activity _913148 |
||
| 856 | _zRequest full-text at [email protected] | ||
| 942 | _2lcc | ||
| 942 | _cAR | ||
| 942 | _kJART 003113 | ||
| 999 |
_c9841 _d9841 |
||